| 000 | 01460nam a22004097a 4500 | ||
|---|---|---|---|
| 003 | CHAP | ||
| 005 | 20220329141249.0 | ||
| 008 | 971010s1975 r 00010 d | ||
| 010 | _a65389 | ||
| 011 | _a66361 | ||
| 035 | _a74472 | ||
| 040 | _cCHAP | ||
| 090 | _aTesis | ||
| 100 | 0 | 0 |
_aGlower y Delgado, Héctor Stanley. _948324 |
| 245 | _aComercialización de productos horto-frutícolas mexicanos en el mercado de Europa occidental | ||
| 260 |
_aChapingo, Méx. : _bEl autor, _c1975 |
||
| 300 |
_a141 h. _b: ilus. |
||
| 500 | _a1993-82 | ||
| 502 | _aTesis (Ing. Agr. Esp. en Industrias Agrícolas) -- ENA. Departamento de Industrias Agrícolas | ||
| 590 |
_aALEPH _b10 _c20130110 _lUCH01 _h1356 |
||
| 590 |
_aBATCH-UPD _b10 _c20130110 _lUCH01 _h0122 |
||
| 590 |
_aBATCH-UPD _b10 _c20130110 _lUCH01 _h1255 |
||
| 590 |
_aBATCH-UPD _b10 _c20130409 _lUCH01 _h2115 |
||
| 590 |
_aBATCH-UPD _b10 _c20130410 _lUCH01 _h0815 |
||
| 590 |
_aBATCH-UPD _b10 _c20130914 _lUCH01 _h1445 |
||
| 590 |
_aCONVERSION _b10 _c20130109 _lUCH01 _h1336 |
||
| 650 | 1 | 4 |
_aFruta _xMercadeo _xMéxico. _943639 |
| 650 | 1 | 4 |
_aLegumbres _xMercadeo _xMéxico. _965747 |
| 901 | _aBK | ||
| 942 | _cTESIS | ||
| 949 |
_bBC _cTES _d-45286 _eTS1 _i74472 _si |
||
| 949 |
_bIA _cTES _d-45281 _eTS2 _fc.2 _i74472 _si |
||
| 949 |
_bIA _cTES _d-45282 _eTS2 _fc.3 _i74472 _si |
||
| 949 |
_bIA _cTES _d-45283 _eTS2 _fc.4 _i74472 _si |
||
| 949 |
_bIA _cTES _d-45285 _eTS2 _fc.5 _i74472 _si |
||
| 949 |
_bIA _cTES _d-7342 _eTS1 _i74472 _si |
||
| 999 |
_c65389 _d65389 |
||